00665nam a22001577a 4500008004100000020001800041050001400059100002700073245011600100250001900216260006700235300003600302942000800338999001700346952014400363260511b |||||||| |||| 00| 0 eng d 69780521528788 aQC 20 Lon 95443aLongair, Malcolm aTheoretical concepts in physics : an alternative view of theoretical reasoning in physicsc/ by Malcolm Longair aSecond edition aCambridge, United Kingdom :bCambridge University Press,c2003 axvii: 569 pages : illustrations 2lcc c86699d86699 00102lcc406QC0020 L O N708MC9153623a001b001cGENd2026-05-11i750409l1oQC 20 Lonp750409r2026-05-26s2026-05-19w2026-05-11y002